Sanat - "Maailma on tehty meitä varten" - Haloo Helsinki! - Statistics

Yleistilastot
  • Tätä visaa on pelattu 196 kertaa
  • Keskiarvotulos 171 / 226
Vastaustilastot
Vastaus % Oikein
on
99%
98%
maailma
98%
meitä
98%
tehty
98%
varten
97%
ja
96%
Ja
96%
jonkun
92%
sinun
91%
tänne
91%
jäljen
90%
jättää
90%
jokainen
90%
minun
90%
tää
90%
85%
kai
83%
illassa
82%
loppuisi
82%
rinnassa
82%
yhdessä
82%
vaikka
81%
siinä
80%
Siinä
80%
ei
77%
kaipausta
77%
seison
77%
Tässä
76%
että
72%
oo
72%
seisot
72%
riitä
68%
ikinä
67%
toinen
67%
kanssa
66%
sormuksii
66%
taulutelkkarii
66%
kodiksi
65%
kutsutaan
65%
Meil
65%
jota
64%
kuuluu
64%
miksei
64%
tämän
64%
jotka
63%
kanssasi
63%
kulissiin
63%
siihen
63%
hetken
62%
peloissaan
62%
haaveet
61%
haudataan
61%
jakaa
61%
jonne
61%
jossa
61%
mun
60%
sun
58%
ikkunoiden
56%
kukkia
56%
raoista
56%
päivä
54%
loistaa
53%
pöytää
53%
kun
52%
vielä
52%
valoa
51%
siitä
49%
lakkasin
48%
miten
48%
päivät
48%
eilen
47%
murehtimasta
46%
omaa
46%
saa
46%
täällä
46%
vasta
46%
eläisin
45%
etsii
45%
kulki
45%
päästäkin
45%
sadan
45%
vuoden
45%
ajattelin
44%
askeleet
44%
ohitse
44%
ois
44%
onneaan
44%
painuneet
44%
Ennen
43%
kaiteeseen
43%
polulle
43%
silloinkin
43%
ne
42%
aika
41%
autot
41%
joku
41%
nojasin
41%
sillan
41%
sulki
41%
silmänsä
40%
elämän
37%
uuden
37%
jossain
36%
Tänäänkin
35%
tänäänkin
35%
aukeaa
34%
uudet
34%
kanavat
32%
Ehtoja vastaavia visoja ei löytynyt
Tulosjakauma
Jokaisen tuloksen saaneiden osuus
Persentiili vastausten määrän mukaan
Tuloshistoriasi
Et ole pelannut tätä visaa